000 00918nam1a22002291i 4500
001 rc\702630
005 20260407091505.0
035 _a(NLR Aleph) 005954883
090 _a6797365
_c6797365
100 _a20031121d1985 u |0rusy50 ca
101 0 _arus
102 _aRU
105 _ay |||||||||
200 1 _aСредства измерений, прошедшие государственные испытания и допущенные Госстандартом к серийному производству и применению в СССР
_eУказатель
_fВНИИ метрол. службы
205 _aОфиц. изд.
210 _aМ.
_cИзд-во стандартов
_d1985
215 _d21
712 0 2 _aВНИИ метрологической службы
_3RU\NLR\AUTH\8816856
_9306974
801 0 _aRU
_bNLR
_gpsbo
801 1 _aRU
_bELAR
_2rusmarc
852 _aNLR
_bПт
_j40.1/198
942 _cBOOK